Cuba
Wedi'i Gadw mewn:
| Prif Awdur: | |
|---|---|
| Fformat: | Llyfr |
| Iaith: | Sbaeneg |
| Cyhoeddwyd: |
Barcelona
Oikos-Tau
1971
|
| Cyfres: | Que Sais-Je?, 57
|
| Pynciau: | |
| Tagiau: |
Ychwanegu Tag
Dim Tagiau, Byddwch y cyntaf i dagio'r cofnod hwn!
|
MARC
| LEADER | 00000nam a2200000 a 4500 | ||
|---|---|---|---|
| 001 | UCO1169 | ||
| 003 | CL-VaPUC | ||
| 008 | 000512e19710000SP |||||||||||||||||spa|d | ||
| 082 | 0 | 4 | |a 972.91 |b LAM |2 21 |
| 100 | 0 | |a Lamore, Jean |e author |9 443040 | |
| 245 | 1 | 0 | |a Cuba |
| 300 | |a 122 p | ||
| 942 | |c BK | ||
| 945 | |d 20000512 00:00:00 |a crobeson | ||
| 260 | |a Barcelona |b Oikos-Tau |c 1971 | ||
| 650 | 7 | |a HISTORIA DE CUBA |2 CL-VaPUC |9 434680 | |
| 650 | 0 | |a Geografía |9 259346 | |
| 650 | 0 | |a Población |9 257577 | |
| 650 | 7 | |a COLONIA |2 CL-VaPUC |9 443041 | |
| 650 | 0 | |a República |9 310048 | |
| 650 | 7 | |a REVOLUCION CUBANA |2 CL-VaPUC |9 340347 | |
| 651 | 7 | |a CUBA |2 CL-VaPUC |9 255263 | |
| 583 | |a last modification |c 20000512 00:00:00 |k Rodrigo Vera | ||
| 490 | 0 | |a Que Sais-Je?, 57 | |
| 999 | |c 287798 |d 287796 | ||
| 952 | |0 0 |1 0 |4 0 |6 972_910000000000000_LAM_1971 |7 0 |8 A |9 334844 |a BIBHIS |b BIBHIS |d 2019-11-20 |i 1274422 |o 972.91 LAM 1971 |p 1274422 |r 2023-01-25 |w 2019-11-20 |y BK |k HIS | ||